Théâtre nom des répétitions - Statistiques

Statistiques générales
  • Ce quiz a été pris 170 fois
  • Le résultat moyen est 3 sur 5
Statistiques - réponses
Hint Réponse % Correct
Dernière répétition Générale
85%
Lecture du texte "sans le ton" et sans déplacements Italienne
78%
Répétition des déplacements en accéléré sans texte Allemande
66%
Juste avant la générale Colonelle
61%
Avant-dernière avant la première Couturière
29%
Aucun quiz correspondant
Distribution des résultats
% des personnes avec chaque résultat
Percentile par nombre de réponses
Votre historique - résultats
Vous n’avez pas pris ce quiz